| 000 | 00751nam a2200241 a 4500 | ||
|---|---|---|---|
| 999 |
_c3480 _d3480 |
||
| 001 | 3480 | ||
| 003 | BD-JhCC | ||
| 005 | 20171113212727.0 | ||
| 008 | 171106s1974 bg |||| |||| 000 0 ben d | ||
| 035 | _a(BD-JhCC)3480 | ||
| 040 |
_aBD-JhCC _dBD-JhCC |
||
| 041 | _aben | ||
| 082 |
_a891.4415 _bKAM 1974 |
||
| 100 | _aকামাল, আবু হেনা মোস্তফা | ||
| 245 |
_aআপন যৌবন বৈরী / _cআবু হেনা মোস্তফা কামাল |
||
| 260 |
_aঢাকা : _bবর্ণমিছিল, _c1974. |
||
| 300 |
_a55 p : _c22 cm. |
||
| 650 | _aBengali Poetry | ||
| 650 | _aBengali Literature | ||
| 700 | _aরহমান, আতোয়ার | ||
| 942 |
_2ddc _cBK |
||